|
|
|
|
| LEADER |
00000nam a2200000Ii 4500 |
| 001 |
DIGDESCL0024 |
| 003 |
NyNyDIG |
| 006 |
m o d |
| 007 |
cr ||||||||||| |
| 008 |
220412s2010 sp a ob 000 0 spa d |
| 035 |
|
|
|a (OCoLC)849487018
|
| 040 |
|
|
|a DGITA
|b eng
|e rda
|e pn
|c DGITA
|
| 020 |
|
|
|a 9788433035592
|q eBook
|q ePub
|
| 020 |
|
|
|z 9788433024527
|
| 050 |
1 |
4 |
|a LB1051 ebook
|
| 100 |
1 |
|
|a Cazenave Cantón, Isabel,
|e author.
|
| 245 |
1 |
0 |
|a Borrando la "J" de jaula :
|b cómo mejorar el funcionamiento del aula : la educación desde una perspectiva humanista /
|c Isabel Cazenave Cantón, Rosa Ma. Barbero Jiménez.
|
| 264 |
|
1 |
|a Bilbao :
|b Desclée De Brouwer,
|c [2010]
|
| 300 |
|
|
|a 1 online resource :
|b illustrations.
|
| 336 |
|
|
|a text
|b txt
|2 rdacontent
|
| 337 |
|
|
|a computer
|b c
|2 rdamedia
|
| 338 |
|
|
|a online resource
|b cr
|2 rdacarrier
|
| 347 |
|
|
|a text file
|2 rdaft
|
| 347 |
|
|
|b EPUB
|
| 504 |
|
|
|a Includes bibliographical references.
|
| 588 |
0 |
|
|a Online resource; title from ePub title page (Digitalia, viewed April 12, 2022)
|
| 650 |
|
0 |
|a Educational psychology.
|
| 650 |
|
0 |
|a School discipline.
|
| 650 |
|
0 |
|a Family life education.
|
| 650 |
|
0 |
|a Socialization.
|
| 655 |
|
0 |
|a Electronic books.
|
| 700 |
1 |
|
|a Barbero Jiménez, Rosa Ma.,
|e author.
|
| 791 |
2 |
|
|a Digitalia (Firm),
|e distributor.
|
| 793 |
0 |
|
|g Digitalia eBook Collection:
|a Editorial Desclée De Brouwer
|
| 776 |
0 |
8 |
|i Print version:
|a Cazenave Cantón, Isabel.
|t Borrando la "J" de jaula.
|d Bilbao : Desclée De Brouwer, [2010]
|z 9788433024527
|
| 830 |
|
0 |
|a AMAE (Series)
|
| 856 |
4 |
0 |
|3 Digitalia Hispánica
|u https://www.digitaliapublishing.com/a/84084/
|
| 910 |
|
|
|a Premium collection: 2022
|